000
00310nam a22001457a 4500
003
SGT
082
_a
346.20954,BHA
100
_a
BHADBHADE,N
245
_a
THE INDIAN CONTRACT AND SPECIFIC
250
_a
14TH
260
_a
GURGAON
_b
LEXIS NEXIS
_c
2013
300
_a
1039
650
_a
CONTRACT
942
_2
ddc
_c
BK
999
_c
9592
_d
9592